Normal view
MARC view
Entry Personal Name
001 - CONTROL NUMBER
- control field: 84688
003 - CONTROL NUMBER IDENTIFIER
- control field: dpl
005 - DATE AND TIME OF LATEST TRANSACTION
- control field: 20250904104023.0
008 - FIXED-LENGTH DATA ELEMENTS
- fixed length control field: 250904|| aca||aabn | a|a d
040 ## - CATALOGING SOURCE
- Original cataloging agency: dpl
- Transcribing agency: dpl
100 ## - HEADING--PERSONAL NAME
- Personal name: श्रीवास्तव, अखिलेश
670 ## - SOURCE DATA FOUND
- Source citation: Work cat.: (dpl)210054: श्रीवास्तव, अखिलेश , ग्लोबल वार्मिंग/, 2024
